El diccionario de la Academia en el siglo XIX : la 5.a edición (1817) al microscopio /

Detalles Bibliográficos
Otros Autores: Freixas, Margarita (Editor), Clavería, Gloria (Editor)
Formato: Electrónico eBook
Lenguaje:español
Publicado: Madrid : Arco/Libros, S. L., [2018]
Colección:Colección Bibliotheca philologica.
Materias:
Acceso en línea:Digitalia Hispánica

MARC

LEADER 00000nam a2200000Ii 4500
001 DIGARCOL0120
003 NyNyDIG
006 m o d
007 cr |||||||||||
008 241001s2018 sp ob 000 0 spa d
035 |a (OCoLC)1458531921 
040 |a DGITA  |b eng  |e rda  |e pn  |c DGITA 
020 |z 9788476359655 
043 |a e-sp--- 
050 1 4 |a PC4625 ebook 
245 0 3 |a El diccionario de la Academia en el siglo XIX :  |b la 5.a edición (1817) al microscopio /  |c Gloria Clavería, Margarita Freixas (coords.). 
264 1 |a Madrid :  |b Arco/Libros, S. L.,  |c [2018] 
300 |a 1 online resource. 
336 |a text  |b txt  |2 rdacontent 
337 |a computer  |b c  |2 rdamedia 
338 |a online resource  |b cr  |2 rdacarrier 
347 |a text file  |2 rdaft 
347 |b PDF 
490 1 |a Colección: Bibliotheca philologica 
504 |a Includes bibliographical references. 
588 0 |a Online resource; title from PDF title page (Digitalia, viewed October 1, 2024) 
630 0 0 |a Diccionario de la lengua española (Real Academia Española)  |x History. 
650 0 |a Spanish language  |z Spain  |v Dictionaries  |x History. 
650 0 |a Spanish language  |x Dictionaries  |x History. 
700 1 |a Freixas, Margarita,  |e editor. 
700 1 |a Clavería, Gloria,  |e editor. 
791 2 |a Digitalia (Firm),  |e distributor. 
793 0 |g Digitalia eBook Collection:  |a Arco/Libros 
776 0 8 |i Print version:  |t Diccionario de la Academia en el siglo XIX.  |d Madrid : Arco/Libros, S. L., [2018]  |z 9788476359655 
830 0 |a Colección Bibliotheca philologica.  
856 4 0 |3 Digitalia Hispánica  |u https://www.digitaliapublishing.com/a/138435/ 
910 |a Premium collection: 2024